Language Quiz

Random Language or Spanish Quiz

Spanish quiz Stats

 Plays Quiz not verified by Sporcle

Challenge
Share
Tweet
Embed
Score 0/6 Timer 10:00
0 Plays Today
question answer % Correct
tori will cleantori limpiará
77.8%
tomorrow afternoonmañana por la tarde
66.7%
tomorrow morningmañana por la mañana
55.6%
graduategraduarse
33.3%
we will movenos mudaremos
11.1%
what will you do today¿que harás hoy?
0%

You're not logged in!

Compare scores with friends on all Sporcle quizzes.
Join for Free
OR
Log In

You Might Also Like...

Show Comments

Extras

Created Mar 21, 2016ReportNominate
Tags:Spanish Quiz

Top Quizzes Today


Score Distribution

Your Account Isn't Verified!

In order to create a playlist on Sporcle, you need to verify the email address you used during registration. Go to your Sporcle Settings to finish the process.

Report this User

Report this user for behavior that violates our Community Guidelines.

Details: